[Event "72nd POL-ch (w)"]
[Site "Ostrow Wielkopolski POL"]
[Date "2020.08.04"]
[Round "1.1"]
[White "Cyfka, Karina"]
[Black "Kubicka, Anna"]
[Result "1/2-1/2"]
[WhiteElo "2411"]
[BlackElo "2259"]
[PlyCount "88"]
[EventDate "2020.08.04"]

1. e4 c5 2. Nf3 d6 3. Bb5+ Bd7 4. Bxd7+ Qxd7 5. O-O Nc6 6. c3 Nf6 7. d4 Nxe4 8.
d5 Ne5 9. Re1 Nxf3+ 10. Qxf3 Nf6 11. c4 Qg4 12. Qb3 Qd7 13. Qf3 Qg4 14. Qc3 Qf5
15. h3 h5 16. Na3 a6 17. Qb3 Qd7 18. Qf3 e5 19. dxe6 fxe6 20. Qe2 Kf7 21. Bg5
Be7 22. Rad1 g6 23. Rd3 Rhf8 24. Re3 e5 25. Nc2 Rae8 26. Rg3 Ng8 27. Qe4 Bxg5
28. Rxg5 Re6 29. Re3 Ne7 30. Rf3+ Kg7 31. Rxf8 Kxf8 32. Qf3+ Ke8 33. Ne3 Nc6
34. Nd5 Qf7 35. Qe4 Kf8 36. Rg3 Nd4 37. a3 Qf5 38. Qe3 Kg7 39. Kh2 Re8 40. Rg5
Qf7 41. Qe4 Kh6 42. Qe3 Kg7 43. Qe4 Kh6 44. Qe3 Kg7 1/2-1/2

[Event "72nd POL-ch (w)"]
[Site "Ostrow Wielkopolski POL"]
[Date "2020.08.04"]
[Round "1.2"]
[White "Kulon, Klaudia"]
[Black "Kucharska, Honorata"]
[Result "1-0"]
[WhiteElo "2336"]
[BlackElo "2159"]
[PlyCount "138"]
[EventDate "2020.08.04"]

1. d4 d5 2. Bf4 c5 3. e3 Nc6 4. Nf3 Bf5 5. c3 e6 6. Nbd2 Qb6 7. Qb3 c4 8. Qxb6
axb6 9. a3 f6 10. h4 h5 11. Be2 Nge7 12. O-O b5 13. Rfe1 Ng6 14. Bg3 Kd7 15.
Bf1 Nge7 16. e4 dxe4 17. Nxe4 Nd5 18. Nfd2 Be7 19. a4 bxa4 20. Bxc4 Bxe4 21.
Nxe4 f5 22. Nc5+ Bxc5 23. dxc5 Ra5 24. Bd6 b5 25. Bxd5 exd5 26. Rad1 Re8 27.
Rxe8 Kxe8 28. Rxd5 g6 29. Bf4 b4 30. cxb4 Nxb4 31. Rd4 Nc6 32. Rc4 Kd7 33. Bd2
Ra8 34. Rc3 Ke6 35. Rg3 Kf7 36. Ra3 Nd4 37. Rd3 Rd8 38. Kf1 Nc6 39. Ke2 Ke6 40.
Be3 Rd5 41. Rc3 Rd8 42. Ra3 Rb8 43. Rxa4 Rxb2+ 44. Kf3 Rb4 45. Ra6 Kd5 46. g3
Ne5+ 47. Kg2 Nc6 48. Ra8 Rb8 49. Ra1 Ke6 50. Kf3 Rb4 51. Rd1 Ne5+ 52. Kg2 Nf7
53. Ra1 Ne5 54. Ra6+ Kf7 55. c6 Rc4 56. Ra7+ Ke6 57. c7 Kd7 58. Bb6 Nc6 59. Ra8
Ne7 60. Rd8+ Ke6 61. Ba5 Rc5 62. Re8 Rc6 63. Kf1 Kf7 64. Ra8 Ke6 65. Ke2 Kd7
66. Rd8+ Ke6 67. Kd3 Rc1 68. Bc3 Rf1 69. Re8 Kd5 1-0

[Event "72nd POL-ch (w)"]
[Site "Ostrow Wielkopolski POL"]
[Date "2020.08.04"]
[Round "1.3"]
[White "Sliwicka, Alicja"]
[Black "Majdan, Joanna"]
[Result "1/2-1/2"]
[WhiteElo "2317"]
[BlackElo "2325"]
[PlyCount "64"]
[EventDate "2020.08.04"]

1. e4 e6 2. Nc3 d5 3. d4 dxe4 4. Nxe4 Nf6 5. Bg5 Be7 6. Bxf6 gxf6 7. Nf3 f5 8.
Nc3 a6 9. Be2 Qd6 10. Qd2 Nd7 11. O-O-O b5 12. Qe3 b4 13. Na4 Bb7 14. Ne5 Bd5
15. Bf3 Rd8 16. Nxd7 Qxd7 17. Nc5 Qc6 18. Bxd5 Rxd5 19. Nb3 a5 20. Kb1 a4 21.
Nd2 Bf6 22. Nf3 Qd6 23. Rd3 Ke7 24. c4 bxc3 25. Rxc3 f4 26. Qe4 Rb8 27. Rhc1 c5
28. Qc2 Rxd4 29. Nxd4 Qxd4 30. a3 Qxc3 31. Qxc3 Bxc3 32. Rxc3 Rg8 1/2-1/2

[Event "72nd POL-ch (w)"]
[Site "Ostrow Wielkopolski POL"]
[Date "2020.08.04"]
[Round "1.4"]
[White "Zawadzka, Jolanta"]
[Black "Waszczuk, Patrycja"]
[Result "0-1"]
[WhiteElo "2419"]
[BlackElo "2321"]
[PlyCount "102"]
[EventDate "2020.08.04"]

1. e4 c5 2. Nf3 e6 3. d4 cxd4 4. Nxd4 Nc6 5. Nb5 d6 6. c4 Nf6 7. N1c3 a6 8. Nd4
Be7 9. Be2 O-O 10. O-O d5 11. cxd5 exd5 12. Nxc6 bxc6 13. exd5 cxd5 14. Bf3 Be6
15. Be3 Rb8 16. b3 Qd7 17. Bd4 Rfc8 18. Na4 Qb7 19. Qe2 Ne4 20. Qb2 f6 21. Rfe1
Ng5 22. Be2 Bb4 23. Rec1 Bf5 24. a3 Bd6 25. b4 Ne6 26. Bf3 Kf8 27. Bc3 Qb5 28.
Qb3 d4 29. Bd2 d3 30. Nc3 Qe5 31. g3 Nd4 32. Qd5 Qxd5 33. Bxd5 Nc2 34. Ra2 Be5
35. Na4 Bd4 36. Bf4 Rb5 37. Bb3 Ke7 38. Nb2 g5 39. Bd2 Re5 40. Be3 Nxe3 41.
Rxc8 Ng4 42. Nxd3 Bxd3 43. Rc1 Nxf2 44. h4 gxh4 45. gxh4 Re4 46. Kg2 Rg4+ 47.
Kf3 Be4+ 48. Ke2 Nd3 49. Rd1 Rg2+ 50. Kf1 Rg1+ 51. Ke2 Nc1+ 0-1

[Event "72nd POL-ch (w)"]
[Site "Ostrow Wielkopolski POL"]
[Date "2020.08.04"]
[Round "1.5"]
[White "Antolak, Julia"]
[Black "Socko, Monika"]
[Result "1/2-1/2"]
[WhiteElo "2323"]
[BlackElo "2428"]
[PlyCount "98"]
[EventDate "2020.08.04"]

1. e4 c5 2. Nf3 Nc6 3. d4 cxd4 4. Nxd4 g6 5. Nc3 Bg7 6. Be3 Nf6 7. Bc4 O-O 8.
Bb3 Re8 9. f3 e6 10. f4 Nxd4 11. Bxd4 d5 12. e5 Nd7 13. Qf3 a5 14. O-O-O b5 15.
Nxd5 Bb7 16. Nf6+ Qxf6 17. Qxb7 Qxf4+ 18. Kb1 Nxe5 19. g3 Qg5 20. a4 bxa4 21.
Bxa4 Reb8 22. Qc7 Rc8 23. Qb7 Rab8 24. Qa7 Nc4 25. Rhf1 Bxd4 26. Qxf7+ Kh8 27.
Rxd4 Rxb2+ 28. Ka1 Qe5 29. Qf6+ Qxf6 30. Rxf6 Rb4 31. Bb3 a4 32. Bxc4 Rbxc4 33.
Rxc4 Rxc4 34. Kb2 Re4 35. Rf4 Rxf4 36. gxf4 g5 37. fxg5 e5 38. c4 Kg8 39. c5
Kf8 40. c6 Ke7 41. c7 Kd7 42. h4 e4 43. h5 e3 44. g6 hxg6 45. hxg6 e2 46. g7
e1=Q 47. c8=Q+ Kxc8 48. g8=Q+ Kb7 49. Qd5+ Kb6 1/2-1/2

[Event "72nd POL-ch (w)"]
[Site "Ostrow Wielkopolski POL"]
[Date "2020.08.05"]
[Round "2.1"]
[White "Kucharska, Honorata"]
[Black "Kubicka, Anna"]
[Result "1/2-1/2"]
[WhiteElo "2159"]
[BlackElo "2259"]
[PlyCount "63"]
[EventDate "2020.08.04"]

1. d4 c5 2. d5 e6 3. c4 exd5 4. cxd5 d6 5. Nc3 Nf6 6. e4 g6 7. f4 Bg7 8. Bb5+
Nfd7 9. Nf3 O-O 10. O-O a6 11. Bd3 b5 12. Qe1 Re8 13. Qg3 c4 14. Bc2 Nc5 15. f5
b4 16. Na4 Nxe4 17. Bxe4 Rxe4 18. Ng5 Bxf5 19. Rxf5 gxf5 20. Nxe4 fxe4 21. Bh6
Qf6 22. Bxg7 Qxg7 23. Qxd6 c3 24. bxc3 bxc3 25. Qd8+ Qf8 26. Qc7 c2 27. Qxc2
Nd7 28. Qxe4 Re8 29. Qg4+ Qg7 30. Qxg7+ Kxg7 31. Rd1 Re3 32. Nb2 1/2-1/2

[Event "72nd POL-ch (w)"]
[Site "Ostrow Wielkopolski POL"]
[Date "2020.08.05"]
[Round "2.2"]
[White "Waszczuk, Patrycja"]
[Black "Cyfka, Karina"]
[Result "0-1"]
[WhiteElo "2321"]
[BlackElo "2411"]
[PlyCount "164"]
[EventDate "2020.08.04"]

1. e4 e5 2. Nf3 Nc6 3. Bb5 a6 4. Ba4 Nf6 5. O-O Nxe4 6. Re1 Nc5 7. Bxc6 dxc6 8.
Nxe5 Be6 9. d4 Nd7 10. Nc3 Nxe5 11. dxe5 Qxd1 12. Nxd1 O-O-O 13. Be3 Be7 14. f4
f6 15. exf6 Bxf6 16. c3 Rhe8 17. Nf2 b6 18. Ne4 Be7 19. Bd4 Bd5 20. Ng3 Bf8 21.
b3 Bf7 22. Rxe8 Rxe8 23. Kf2 a5 24. Rd1 b5 25. Nf5 g6 26. Ne3 Rd8 27. Ke2 a4
28. bxa4 bxa4 29. c4 Be6 30. g4 Bd6 31. Rf1 Bb4 32. Rd1 Rf8 33. Rf1 Bd6 34. f5
gxf5 35. gxf5 Bf7 36. Rf2 Re8 37. Kd3 Rd8 38. Kc3 c5 39. Bf6 Re8 40. Kd3 Rg8
41. Bc3 Kd7 42. Nd5 Kc6 43. Ne3 Rg5 44. Bf6 Rg1 45. Bc3 Rh1 46. Ng4 Rd1+ 47.
Kc2 Rg1 48. Ne5+ Bxe5 49. Bxe5 Bxc4 50. Kc3 Bf7 51. Kb2 Re1 52. Bf4 Re4 53. Bd2
Kb5 54. a3 Rd4 55. Bc3 Rd3 56. Kc2 Rh3 57. Kb2 Kc4 58. f6 Re3 59. Rf4+ Kd3 60.
Rf2 Re8 61. Rf3+ Ke2 62. Rg3 Bg6 63. Rg2+ Kd3 64. Rg3+ Ke2 65. Rg2+ Kf3 66.
Rg3+ Kf2 67. f7 Bxf7 68. Rg7 Re2+ 69. Kc1 Bg6 70. Bd2 Re4 71. Bc3 Re3 72. Kb2
Re2+ 73. Ka1 Rc2 74. Be5 c6 75. Ra7 Rc4 76. Kb2 Kg2 77. Rc7 Rc2+ 78. Ka1 Be4
79. Rg7+ Kh1 80. Rg4 Re2 81. Rh4 c4 82. Rh3 Bf5 0-1

[Event "72nd POL-ch (w)"]
[Site "Ostrow Wielkopolski POL"]
[Date "2020.08.05"]
[Round "2.3"]
[White "Majdan, Joanna"]
[Black "Zawadzka, Jolanta"]
[Result "0-1"]
[WhiteElo "2325"]
[BlackElo "2419"]
[PlyCount "76"]
[EventDate "2020.08.04"]

1. e4 e5 2. Nf3 Nc6 3. Bb5 a6 4. Ba4 Nf6 5. O-O b5 6. Bb3 Bc5 7. a4 Bb7 8. d3
d6 9. Nc3 b4 10. Ne2 h6 11. c3 bxc3 12. bxc3 O-O 13. a5 Rb8 14. Bc4 Ne7 15. Qc2
Ng6 16. Ng3 d5 17. exd5 Bxd5 18. Bxd5 Qxd5 19. d4 exd4 20. cxd4 Bd6 21. Nf5 Rb5
22. Ne3 Qh5 23. Ba3 Nf4 24. Bxd6 cxd6 25. Qc6 Rxa5 26. Rxa5 Qxa5 27. Qxd6 Ne2+
28. Kh1 Rd8 29. Qe7 Re8 30. Qb7 Qb5 31. Qxb5 axb5 32. Rb1 Ne4 33. g3 Nxf2+ 34.
Kg2 Nc3 35. Rf1 Nd3 36. Ne5 Nxe5 37. dxe5 Rxe5 38. Kf3 b4 0-1

[Event "72nd POL-ch (w)"]
[Site "Ostrow Wielkopolski POL"]
[Date "2020.08.05"]
[Round "2.4"]
[White "Socko, Monika"]
[Black "Sliwicka, Alicja"]
[Result "1/2-1/2"]
[WhiteElo "2428"]
[BlackElo "2317"]
[PlyCount "105"]
[EventDate "2020.08.04"]

1. d4 Nf6 2. c4 c5 3. d5 b5 4. cxb5 a6 5. bxa6 g6 6. Nc3 Bg7 7. g3 d6 8. Nf3
O-O 9. Bg2 Nbd7 10. O-O Nb6 11. Re1 Bxa6 12. e4 Nfd7 13. Bf1 Nc4 14. Bxc4 Bxc4
15. Qc2 Qa5 16. Bg5 Rfe8 17. Qd2 Rab8 18. Rec1 Qb4 19. Rc2 Ba6 20. Re1 Nb6 21.
b3 Nd7 22. Bf4 c4 23. e5 dxe5 24. Nxe5 Nxe5 25. Bxe5 Bxe5 26. Rxe5 cxb3 27.
axb3 Qxb3 28. Rc1 Rbc8 29. Re3 Qa3 30. Rce1 Red8 31. Ne4 Qa4 32. d6 Bb7 33. Qb2
Bxe4 34. Rxe4 Qc2 35. Qxc2 Rxc2 36. dxe7 Re8 37. h4 f5 38. Re5 Kf7 39. Kg2 Rc7
40. Kf3 Rcxe7 41. Kf4 Rxe5 42. Rxe5 Ra8 43. Rb5 Ra7 44. h5 Ra2 45. f3 Rh2 46.
Rb7+ Kf6 47. Rb6+ Kg7 48. hxg6 hxg6 49. g4 fxg4 50. fxg4 Ra2 51. Rb7+ Kf6 52.
g5+ Ke6 53. Rb6+ 1/2-1/2

[Event "72nd POL-ch (w)"]
[Site "Ostrow Wielkopolski POL"]
[Date "2020.08.06"]
[Round "3.1"]
[White "Antolak, Julia"]
[Black "Kucharska, Honorata"]
[Result "1/2-1/2"]
[WhiteElo "2323"]
[BlackElo "2159"]
[PlyCount "60"]
[EventDate "2020.08.04"]

1. e4 c5 2. Nf3 e6 3. d4 cxd4 4. Nxd4 Nf6 5. Nc3 Nc6 6. Ndb5 Bb4 7. a3 Bxc3+ 8.
Nxc3 d5 9. exd5 exd5 10. Bd3 O-O 11. O-O d4 12. Ne4 Bf5 13. Bg5 Bxe4 14. Bxe4
h6 15. Bxf6 Qxf6 16. Bxc6 bxc6 17. Qd3 c5 18. Rfe1 Rab8 19. b3 Rfe8 20. h3 Re6
21. Re4 Rbe8 22. Rae1 g6 23. a4 a5 24. R1e2 Kg7 25. Rxe6 Rxe6 26. Kf1 Rxe2 27.
Qxe2 Qf4 28. Kg1 Qc1+ 29. Kh2 Qf4+ 30. Kg1 Qc1+ 1/2-1/2

[Event "72nd POL-ch (w)"]
[Site "Ostrow Wielkopolski POL"]
[Date "2020.08.06"]
[Round "3.2"]
[White "Sliwicka, Alicja"]
[Black "Kulon, Klaudia"]
[Result "0-1"]
[WhiteElo "2317"]
[BlackElo "2336"]
[PlyCount "86"]
[EventDate "2020.08.04"]

1. e4 c5 2. Nf3 Nc6 3. d4 cxd4 4. Nxd4 e5 5. Nb5 d6 6. N1c3 a6 7. Na3 b5 8. Nd5
Nge7 9. c4 Nd4 10. Nc2 Nxd5 11. Nxd4 Nf6 12. Nc2 Bb7 13. cxb5 Nxe4 14. bxa6
Bxa6 15. Qd5 Bxf1 16. Qc6+ Ke7 17. Kxf1 f5 18. Nb4 Rc8 19. Qa4 Ke6 20. Be3 d5
21. Rd1 Bxb4 22. Qxb4 f4 23. Ba7 Qd6 24. Qa4 Rc4 25. Qxc4 dxc4 26. Rxd6+ Nxd6
27. a3 Rc8 28. Ke2 Rc7 29. Bb8 Rb7 30. Bxd6 Rxb2+ 31. Kf3 Kxd6 32. Rd1+ Kc5 33.
Rd7 c3 34. Ke4 Rxf2 35. Rc7+ Kd6 36. Rxc3 Rxg2 37. h3 Re2+ 38. Kf3 Rd2 39. Rb3
Ke6 40. Kg4 Rg2+ 41. Kh5 Rg3 42. Rb6+ Kf5 43. h4 Rh3 0-1

[Event "72nd POL-ch (w)"]
[Site "Ostrow Wielkopolski POL"]
[Date "2020.08.06"]
[Round "3.3"]
[White "Zawadzka, Jolanta"]
[Black "Socko, Monika"]
[Result "0-1"]
[WhiteElo "2419"]
[BlackElo "2428"]
[PlyCount "148"]
[EventDate "2020.08.04"]

1. e4 Nf6 2. e5 Nd5 3. d4 d6 4. c4 Nb6 5. exd6 cxd6 6. Nc3 g6 7. Be3 Bg7 8. Nf3
O-O 9. Rc1 Bg4 10. b3 Nc6 11. Be2 d5 12. c5 Nc8 13. h3 Bxf3 14. Bxf3 e6 15. O-O
N8e7 16. Nb5 Nf5 17. Bg4 a6 18. Bxf5 axb5 19. Bb1 f5 20. f4 Qf6 21. Qd3 Nxd4
22. Rcd1 Nc6 23. Qxb5 Rf7 24. Rfe1 Re7 25. Bf2 Kh8 26. Qe2 Qc3 27. Rc1 Qb4 28.
Qf3 Bb2 29. Rcd1 Bf6 30. Kh1 Rd8 31. Rc1 Rc8 32. Red1 Qa3 33. Rc2 Rd8 34. Be3
Qb4 35. Rcc1 Qa5 36. Bd2 Qa3 37. Re1 Kg7 38. g4 Kh8 39. gxf5 gxf5 40. Bc3 d4
41. Bd2 Rg8 42. Qe2 Qa8 43. Rg1 Rxg1+ 44. Rxg1 Qc8 45. b4 Qd7 46. Qg2 Re8 47.
Bd3 Ne7 48. Bc4 Ng6 49. Qf1 Re7 50. Rg3 Qc6+ 51. Qg2 Qc7 52. a4 Bg7 53. Qf3 Bf6
54. a5 Nh4 55. Qf2 Qc6+ 56. Kh2 Rg7 57. Rxg7 Nf3+ 58. Qxf3 Qxf3 59. Rg2 Qc6 60.
Re2 Kg7 61. Bxe6 Bh4 62. Bxf5 Qf3 63. Rg2+ Kf6 64. Bxh7 Bf2 65. Be4 Qe2 66. Bc1
Qxe4 67. Rxf2 Qe1 68. Ra2 Qxc1 69. a6 bxa6 70. Rxa6+ Kf5 71. Rd6 Qxf4+ 72. Kg2
Qd2+ 73. Kf3 Qc3+ 74. Ke2 Qxb4 0-1

[Event "72nd POL-ch (w)"]
[Site "Ostrow Wielkopolski POL"]
[Date "2020.08.06"]
[Round "3.4"]
[White "Cyfka, Karina"]
[Black "Majdan, Joanna"]
[Result "1/2-1/2"]
[WhiteElo "2411"]
[BlackElo "2325"]
[PlyCount "48"]
[EventDate "2020.08.04"]

1. d4 d5 2. c4 e6 3. Nf3 Nf6 4. e3 dxc4 5. Bxc4 c5 6. O-O a6 7. dxc5 Qxd1 8.
Rxd1 Bxc5 9. Be2 O-O 10. Ne5 Nbd7 11. Nc4 Nd5 12. Nc3 Nxc3 13. bxc3 b5 14. Nb2
Nf6 15. c4 bxc4 16. Nxc4 Bb7 17. Bb2 Bd5 18. Rac1 Rfc8 19. h3 a5 20. Rc2 Be4
21. Rcd2 Bd5 22. Rc2 Be4 23. Rcd2 Bd5 24. Rc2 Be4 1/2-1/2

[Event "72nd POL-ch (w)"]
[Site "Ostrow Wielkopolski POL"]
[Date "2020.08.06"]
[Round "3.5"]
[White "Kubicka, Anna"]
[Black "Waszczuk, Patrycja"]
[Result "1/2-1/2"]
[WhiteElo "2259"]
[BlackElo "2321"]
[PlyCount "109"]
[EventDate "2020.08.04"]

1. e4 c5 2. Nf3 e6 3. c4 Nc6 4. Nc3 d6 5. d4 cxd4 6. Nxd4 Nf6 7. Be2 Be7 8. Be3
a6 9. O-O Bd7 10. Qd2 Rc8 11. f3 Qc7 12. Rac1 Qb8 13. Rfd1 O-O 14. b3 Rfd8 15.
Nc2 Ne5 16. Bb6 Re8 17. a4 Bc6 18. Be3 d5 19. exd5 exd5 20. cxd5 Bd7 21. Ne4
Nxe4 22. fxe4 Bd6 23. h3 Ng6 24. Bd3 Ne5 25. Ne1 Rxc1 26. Rxc1 Qd8 27. Bb1 b5
28. axb5 axb5 29. Nd3 Qh4 30. Nxe5 Bxe5 31. Qf2 Qe7 32. Bf4 Qa3 33. Rf1 f6 34.
Bxe5 Rxe5 35. Qg3 Qb2 36. Qd3 Rg5 37. Qc2 Qxc2 38. Bxc2 Bxh3 39. Rf2 Bd7 40.
Bd3 Kf8 41. b4 Ke7 42. Rc2 Rg3 43. Rd2 h5 44. Kf2 h4 45. Be2 Rb3 46. d6+ Kf7
47. Ra2 g6 48. Ra7 Ke6 49. Bg4+ f5 50. exf5+ gxf5 51. Bxf5+ Kxf5 52. Rxd7 Rxb4
53. Rh7 Ke6 54. d7 Rd4 55. Rxh4 1/2-1/2

[Event "72nd POL-ch (w)"]
[Site "Ostrow Wielkopolski POL"]
[Date "2020.08.08"]
[Round "5.2"]
[White "Zawadzka, Jolanta"]
[Black "Antolak, Julia"]
[Result "1-0"]
[WhiteElo "2419"]
[BlackElo "2323"]
[PlyCount "91"]
[EventDate "2020.08.04"]

1. e4 c5 2. Nf3 d6 3. d4 cxd4 4. Nxd4 Nf6 5. Nc3 a6 6. Be3 e6 7. f3 h5 8. Qd2
Nbd7 9. a4 Qc7 10. Be2 Be7 11. O-O b6 12. Rfd1 Bb7 13. Nb3 O-O 14. Bf4 Ne5 15.
Qd4 Rac8 16. Qf2 Rfd8 17. Be3 Ned7 18. Rd2 Nc5 19. Rad1 d5 20. exd5 Nxd5 21.
Nxd5 Rxd5 22. Nxc5 Bxc5 23. Bxc5 Qxc5 24. Qxc5 Rcxc5 25. c4 Rxd2 26. Rxd2 Kf8
27. b4 Rc8 28. Rd6 Rc6 29. Rd7 Bc8 30. Ra7 e5 31. Kf2 g5 32. c5 bxc5 33. b5 Rd6
34. bxa6 Be6 35. Ra8+ Ke7 36. a7 Bd5 37. Rc8 Rd8 38. Rxc5 Kd6 39. Rxd5+ Kxd5
40. Bd3 Kc5 41. Be4 Kb4 42. a8=Q Rxa8 43. Bxa8 Kxa4 44. Ke3 f5 45. Bc6+ Kb4 46.
Bd7 1-0

[Event "72nd POL-ch (w)"]
[Site "Ostrow Wielkopolski POL"]
[Date "2020.08.08"]
[Round "5.3"]
[White "Cyfka, Karina"]
[Black "Kulon, Klaudia"]
[Result "1/2-1/2"]
[WhiteElo "2411"]
[BlackElo "2336"]
[PlyCount "60"]
[EventDate "2020.08.04"]

1. d4 f5 2. g3 Nf6 3. Bg2 g6 4. Nh3 Bg7 5. Nf4 Nc6 6. h4 e5 7. dxe5 Nxe5 8. h5
c6 9. hxg6 hxg6 10. Rxh8+ Bxh8 11. Qd6 Qe7 12. Qxe7+ Kxe7 13. Nd2 Kf7 14. Nd3
Nxd3+ 15. exd3 d5 16. Nf3 Ng4 17. Ng5+ Kg8 18. f3 Ne5 19. Kf2 Bd7 20. Bf4 Re8
21. Re1 Nf7 22. Rxe8+ Bxe8 23. Nxf7 Kxf7 24. c3 Bd7 25. d4 Bf6 26. Bf1 Bg7 27.
Bd3 Bf6 28. Bb8 a6 29. Bf4 Bg7 30. Ke3 Bf6 1/2-1/2

[Event "72nd POL-ch (w)"]
[Site "Ostrow Wielkopolski POL"]
[Date "2020.08.08"]
[Round "5.4"]
[White "Kubicka, Anna"]
[Black "Socko, Monika"]
[Result "1/2-1/2"]
[WhiteElo "2259"]
[BlackElo "2428"]
[PlyCount "113"]
[EventDate "2020.08.04"]

1. d4 Nf6 2. c4 c5 3. d5 b5 4. cxb5 a6 5. b6 d6 6. Nc3 Nbd7 7. e4 g6 8. Nf3 Bg7
9. Bd3 O-O 10. O-O Qxb6 11. Re1 Ng4 12. Qc2 a5 13. Bg5 Re8 14. Na4 Qa7 15. Bb5
Rb8 16. Bc6 h6 17. Bh4 g5 18. h3 Nge5 19. Nxe5 Nxe5 20. Bxe8 gxh4 21. f4 Nd3
22. Kh1 c4 23. Rf1 Ba6 24. Bc6 Qe3 25. e5 dxe5 26. fxe5 Qg3 27. Rf3 Ne1 28.
Rxg3 Nxc2 29. Rxg7+ Kxg7 30. Rc1 Ne3 31. Nc5 Bc8 32. b3 cxb3 33. Nxb3 Bf5 34.
Re1 Nc4 35. Nd4 Bd3 36. a4 Rb1 37. Rxb1 Bxb1 38. Nf3 Be4 39. Bb5 Bxf3 40. Bxc4
Bd1 41. Bb5 Bb3 42. d6 exd6 43. exd6 Kf6 44. Bc6 Ke6 45. d7 Ke7 46. Kg1 Be6 47.
Kf2 Bxd7 48. Bxd7 Kxd7 49. Ke3 Ke6 50. Kd4 Kd6 51. Kc4 Kc6 52. Kd4 f5 53. Kc4
f4 54. Kd4 Kd6 55. Kc4 Kc6 56. Kd4 Kd6 57. Kc4 1/2-1/2

[Event "72nd POL-ch (w)"]
[Site "Ostrow Wielkopolski POL"]
[Date "2020.08.09"]
[Round "6.2"]
[White "Socko, Monika"]
[Black "Waszczuk, Patrycja"]
[Result "1/2-1/2"]
[WhiteElo "2428"]
[BlackElo "2321"]
[PlyCount "167"]
[EventDate "2020.08.04"]

1. g3 g6 2. Bg2 Bg7 3. d4 Nf6 4. e4 d6 5. Ne2 O-O 6. O-O e5 7. c4 c6 8. Nbc3
Nbd7 9. d5 Qe7 10. h3 a5 11. dxc6 bxc6 12. Be3 Rd8 13. Qd2 Nc5 14. Rad1 Be6 15.
b3 Rab8 16. Kh2 h5 17. f4 exf4 18. gxf4 a4 19. b4 Bxh3 20. Bxh3 Nfxe4 21. Nxe4
Nxe4 22. Qe1 c5 23. b5 d5 24. Rxd5 Rxd5 25. cxd5 Rxb5 26. Bc1 f5 27. Ng3 Rb4
28. Nxe4 Rxe4 29. Qg3 Kh7 30. Rg1 Qf6 31. Rg2 h4 32. Qf3 c4 33. Rc2 Qd6 34. Re2
Rxe2+ 35. Qxe2 Qxd5 36. Bg2 Qd4 37. Be3 Qc3 38. Bf2 Bf6 39. Bd5 Qc1 40. Be3 Qc3
41. Bxc4 a3 42. Qd3 Qb4 43. Kg2 Qb7+ 44. Qd5 Qb2+ 45. Qd2 Qb7+ 46. Bd5 Qb2 47.
Kh3 Qb1 48. Bf2 Qb2 49. Qe3 Qb5 50. Bg2 Qc4 51. Qd2 g5 52. fxg5 Qg4+ 53. Kh2
Bxg5 54. Qd7+ Kg6 55. Qd6+ Bf6 56. Bc6 Qe2 57. Kg1 Qxa2 58. Be8+ Kg7 59. Qd7+
Kh8 60. Qxf5 Qa1+ 61. Kg2 Qe5 62. Qxe5 Bxe5 63. Bf7 Kg7 64. Ba2 Bf6 65. Kh3 Kg6
66. Kg4 Be7 67. Bb1+ Kf7 68. Kf5 Bf6 69. Ba2+ Kg7 70. Bc5 Bb2 71. Bd6 Bc3 72.
Bxa3 Bf6 73. Kg4 Kg6 74. Bb1+ Kg7 75. Bf5 Be5 76. Kxh4 Kf6 77. Kg4 Bc3 78. Bc1
Kg7 79. Kg5 Bf6+ 80. Kh5 Bd4 81. Bc2 Kh8 82. Kg6 Bc3 83. Bg5 Bb2 84. Bf6+
1/2-1/2

[Event "72nd POL-ch (w)"]
[Site "Ostrow Wielkopolski POL"]
[Date "2020.08.09"]
[Round "6.4"]
[White "Antolak, Julia"]
[Black "Cyfka, Karina"]
[Result "0-1"]
[WhiteElo "2323"]
[BlackElo "2411"]
[PlyCount "174"]
[EventDate "2020.08.04"]

1. e4 e5 2. Nf3 Nc6 3. Bb5 a6 4. Ba4 Nf6 5. O-O b5 6. Bb3 Bc5 7. c3 d6 8. d4
Bb6 9. Be3 O-O 10. Nbd2 h6 11. h3 Re8 12. Re1 Rb8 13. Bc2 Bb7 14. d5 Bxe3 15.
Rxe3 Ne7 16. a4 c6 17. axb5 axb5 18. dxc6 Bxc6 19. Nf1 Qc7 20. Qe1 d5 21. exd5
Nexd5 22. Rxe5 Nf4 23. Rxe8+ Rxe8 24. Qd1 Ne2+ 25. Kh1 Bxf3 26. gxf3 Nf4 27.
Qd4 Nxh3 28. Rd1 Ng5 29. Kg2 Qc6 30. Nh2 Ne6 31. Qd6 Qc4 32. Kh1 Ng5 33. Qd4
Qe2 34. Qd2 Qe6 35. Qd6 Qc8 36. Kg1 Nh5 37. Kh1 Qa8 38. Kg2 Ne6 39. Be4 Nhf4+
40. Kh1 Qa7 41. Qd7 Qxd7 42. Rxd7 Ng5 43. Rd4 Ngh3 44. Ng4 h5 45. Ne3 Nxf2+ 46.
Kh2 g5 47. Nd5 Nxd5 48. Rxd5 Nxe4 49. fxe4 f6 50. Rxb5 Rxe4 51. Rb7 h4 52. Kh3
Re3+ 53. Kg4 h3 54. Kf5 Rf3+ 55. Kg6 Kf8 56. Rh7 g4 57. c4 g3 58. Rxh3 g2 59.
Rxf3 g1=Q+ 60. Kxf6 Qg2 61. Rf5 Qxb2+ 62. Ke6+ Ke8 63. c5 Kd8 64. Kd6 Qb8+ 65.
Kd5 Qb7+ 66. Kd4 Qg7+ 67. Kd5 Kc7 68. Re5 Qf6 69. Kd4 Kc6 70. Ke4 Kb5 71. Kd4
Qf3 72. Re3 Qf4+ 73. Re4 Qd2+ 74. Ke5 Kxc5 75. Kf5 Kd6 76. Rf4 Kd5 77. Kg4 Ke5
78. Rf5+ Ke4 79. Rg5 Qe2+ 80. Kh3 Kf4 81. Rg1 Qh5+ 82. Kg2 Ke3 83. Kg3 Qg5+ 84.
Kh2 Qh4+ 85. Kg2 Ke2 86. Rh1 Qg4+ 87. Kh2 Kf2 0-1

[Event "72nd POL-ch (w)"]
[Site "Ostrow Wielkopolski POL"]
[Date "2020.08.11"]
[Round "8.4"]
[White "Sliwicka, Alicja"]
[Black "Kubicka, Anna"]
[Result "1-0"]
[WhiteElo "2317"]
[BlackElo "2259"]
[PlyCount "131"]
[EventDate "2020.08.04"]

1. e4 c6 2. d4 d5 3. Nc3 dxe4 4. Nxe4 Nf6 5. Nxf6+ exf6 6. Be3 Bd6 7. Bd3 O-O
8. Ne2 Re8 9. Qd2 Nd7 10. O-O-O Nf8 11. h4 Be6 12. Kb1 Bc7 13. c4 b5 14. d5
cxd5 15. cxd5 Qxd5 16. Bxh7+ Kxh7 17. Qxd5 Bxd5 18. Rxd5 a6 19. Rc1 Be5 20. Nf4
Red8 21. Rc6 Rxd5 22. Nxd5 Rd8 23. Nc3 Rd6 24. Rxd6 Bxd6 25. Ne4 Bc7 26. Nc5 a5
27. Kc2 Ng6 28. g3 Ne7 29. Nb3 Nc6 30. Nd4 Nxd4+ 31. Bxd4 Kg6 32. g4 f5 33.
gxf5+ Kxf5 34. Bxg7 Kg4 35. Bf6 Bb6 36. f3+ Kh5 37. Kb3 Kg6 38. Be7 Bd4 39. Bd8
a4+ 40. Kb4 Bxb2 41. Kxb5 a3 42. Kc4 Kh5 43. Kd5 Bc3 44. Be7 Bb2 45. Kd6 f6 46.
Ke6 Kxh4 47. f4 Kg4 48. f5 Kg5 49. Bd8 Bc3 50. Bb6 Bb2 51. Bc5 Kg4 52. Bb4 Kf4
53. Be7 Kg5 54. Bd6 Kg4 55. Bc7 Kg5 56. Ba5 Kf4 57. Bd8 Ke4 58. Bxf6 Kd3 59.
Be5 Ke4 60. Bd6 Kd3 61. Kd5 Bc1 62. f6 Kc2 63. f7 Bh6 64. Bxa3 Kb1 65. Bc1 Bf8
66. a4 1-0

[Event "72nd POL-ch (w)"]
[Site "Ostrow Wielkopolski POL"]
[Date "2020.08.12"]
[Round "9.4"]
[White "Majdan, Joanna"]
[Black "Antolak, Julia"]
[Result "1/2-1/2"]
[WhiteElo "2325"]
[BlackElo "2323"]
[PlyCount "50"]
[EventDate "2020.08.04"]

1. e4 c5 2. c3 d5 3. exd5 Qxd5 4. d4 Nc6 5. Nf3 Bf5 6. Be3 cxd4 7. Nxd4 Nf6 8.
Na3 Nxd4 9. Qxd4 Qxd4 10. Bxd4 e5 11. Bxe5 Bxa3 12. bxa3 O-O-O 13. Bd4 Rhe8+
14. Kd2 Ne4+ 15. Kc1 Rxd4 16. cxd4 Nxf2 17. Rg1 Re1+ 18. Kb2 Nd1+ 19. Kb3 a5
20. g4 Be6+ 21. Kc2 Ne3+ 22. Kb2 Nd1+ 23. Kc2 Ne3+ 24. Kb2 Nd1+ 25. Kc2 Ne3+
1/2-1/2